000 01035nmm a2200337 a 4500
003 AR-BaBNM
005 20251128202710.0
008 195020s1988 ||||||||||||||000 | spa||
040 _cAR-BaBNM
245 1 0 _aEl educador al servicio de la cultura de la solidaridad
_ben el año Mariano 1988
260 _aSantiago de Chile
_bArzobispado de Santiago. Vicaría Episcopal para la Educación
_c1988
300 0 _a194 p.
650 4 _aEDUCACION RELIGIOSA
650 4 _aVALORES CULTURALES
650 4 _aFINALIDADES DE LA EDUCACION
650 4 _aEDUCACION CRISTIANA
653 _aEDUCACION EN VALORES
700 1 _aArnaiz, José M.
700 1 _aFuentes C., Adolfo
700 1 _aGarcía, Francisco
700 1 _aHuidobro M., Faustino
700 1 _aIsla F., José María
700 1 _aLópez H, Francisco
700 1 _aMiranda, Patricio
700 1 _aMoreno B., Ernesto
700 1 _aSampedro N., Francisco
700 1 _aValenzuela A., Teresita
700 1 _aVergara D., Raúl
942 _cBK
998 _cme-solo cat
999 _c173
_d173